MARC

LEADER 00000nam0a2200000 4500
001 300305
005 20231102001304.0
020 |a RU  |b 82-71429 
035 |a (RuTPU)RU\TPU\book\325458 
090 |a 300305 
100 |a 20150708g1982 km y0rusy5003 ca 
101 0 |a rus 
102 |a EE 
105 |a y z 101zy 
200 1 |a Проблемы проектирования подсистемы "Сводный народнохозяйственный план" АСПР Госплана союзной республики  |e тезисы республиканской конференции, сентябрь 1982  |f Научно-исследовательский институт экономики и планирования Госплана ЭССР  |h Ч. 2 
210 |a Таллин  |c [Б. и.]  |d 1982 
215 |a 144 с. 
320 |a Библиогр. в конце ст. 
606 1 |a Автоматизированные системы планирования и управления  |2 stltpush  |3 (RuTPU)RU\TPU\subj\615  |9 29488 
610 1 |a автоматизированные системы планирования и управления республиканские 
610 1 |a математические методы 
610 1 |a подсистемы 
610 1 |a проектирование 
610 1 |a сводные планы 
610 1 |a АСПР 
610 1 |a союзные республики 
610 1 |a конференции 
610 1 |a Таллинн 
686 |a У9(2)230л0  |2 rubbk 
712 0 2 |a Научно-исследовательский институт экономики и планирования Госплана ЭССР  |4 570 
712 1 2 |a Проблемы проектирования подсистемы "Сводный народнохозяйственный план" АСПР Госплана союзной республики  |e Таллин  |f 1982  |4 570 
801 0 |a RU  |b RuMRKP  |c 19950704  |g psbo 
801 1 |a RU  |b 63413507  |c 20150708 
801 2 |a RU  |b 63413507  |c 20190610  |g RCR 
942 |c BK